{"text_format":"3","workbook":"xlsx","n_sheets":1,"sheets":["t184"],"read":"whole","date_system":"1900"}

{"sheet":"t184","index":0,"n_rows":185,"n_cols":7,"rows_kept":185,"merged":[[0,0,0,6],[30,0,30,5],[48,0,48,5],[156,0,156,5]]}
["TABELA 184.1 - Estatísticas Agrícolas, Município de Flórida Paulista, Estado de São Paulo, 2007/08."]
["ITEM","UNIDADE","N.DE UPAs","MÍNIMO","MÉDIO","MÁXIMO","TOTAL"]
["Distância à sede do município","km",817,0.1,{"v":10.25,"d":"10.3"},{"v":40,"d":"40.0"},"-"]
["Área total","hectare",817,0.4,{"v":64.26,"d":"64.3"},{"v":1779.1,"d":"1,779.1"},{"v":52502.1,"d":"52,502.1"}]
["Área com cultura perene","hectare",117,0.1,3.6,45.8,421.3]
["Área com cultura temporária","hectare",439,0.1,54.5,{"v":1297,"d":"1,297.0"},{"v":23926.5,"d":"23,926.5"}]
["Área com pastagem","hectare",732,0.1,{"v":35.96,"d":"36.0"},{"v":1650.9,"d":"1,650.9"},{"v":26322,"d":"26,322.0"}]
["Área com reflorestamento","hectare",62,0.1,{"v":2.05,"d":"2.1"},{"v":10,"d":"10.0"},{"v":127,"d":"127.0"}]
["Área com vegetação natural","hectare",110,0.1,{"v":11.91,"d":"11.9"},162.1,{"v":1310.2,"d":"1,310.2"}]
["Área com vegetação de brejo e várzea","hectare",12,0.1,{"v":1.93,"d":"1.9"},11.5,23.2]
["Área em descanso","hectare",2,{"v":2,"d":"2.0"},{"v":2,"d":"2.0"},{"v":2,"d":"2.0"},{"v":4,"d":"4.0"}]
["Área complementar","hectare",590,0.1,{"v":0.62,"d":"0.6"},{"v":15,"d":"15.0"},367.9]
["Área das UPAs com (0, 1] ha","hectare",11,0.4,{"v":0.72,"d":"0.7"},{"v":1,"d":"1.0"},7.9]
["Área das UPAs com (1, 2] ha","hectare",5,1.3,{"v":1.64,"d":"1.6"},{"v":2,"d":"2.0"},8.2]
["Área das UPAs com (2, 5] ha","hectare",48,2.2,{"v":3.94,"d":"3.9"},4.9,188.9]
["Área das UPAs com (5, 10] ha","hectare",116,5.2,{"v":7.88,"d":"7.9"},{"v":10,"d":"10.0"},913.6]
["Área das UPAs com (10, 20] ha","hectare",212,10.1,{"v":14.56,"d":"14.6"},19.9,{"v":3086.5,"d":"3,086.5"}]
["Área das UPAs com (20, 50] ha","hectare",220,20.2,{"v":31.06,"d":"31.1"},49.2,{"v":6833.4,"d":"6,833.4"}]
["Área das UPAs com (50, 100] ha","hectare",95,50.8,{"v":70.18,"d":"70.2"},98.3,{"v":6667.5,"d":"6,667.5"}]
["Área das UPAs com (100, 200] ha","hectare",59,101.6,{"v":139.48,"d":"139.5"},195.9,{"v":8229.6,"d":"8,229.6"}]
["Área das UPAs com (200, 500] ha","hectare",33,203.3,{"v":299.41,"d":"299.4"},481.3,{"v":9880.4,"d":"9,880.4"}]
["Área das UPAs com (500, 1.000] ha","hectare",12,533.7,{"v":718.78,"d":"718.8"},980.1,{"v":8625.4,"d":"8,625.4"}]
["Área das UPAs com (1.000, 2.000] ha","hectare",6,{"v":1146,"d":"1,146.0"},{"v":1343.45,"d":"1,343.5"},{"v":1779.1,"d":"1,779.1"},{"v":8060.7,"d":"8,060.7"}]
["Área das UPAs com (2.000, 5.000] ha","hectare","-","-","-","-","-"]
["Área das UPAs com (5.000, 10.000] ha","hectare","-","-","-","-","-"]
["Área das UPAs acima de 10.000 ha","hectare","-","-","-","-","-"]
["Familiares do proprietário que trabalham na UPA","unidade",788,{"v":1,"d":"1.0"},{"v":1.47,"d":"1.5"},{"v":8,"d":"8.0"},{"v":1156,"d":"1,156.0"}]
["Trabalhadores permanentes","unidade",169,{"v":1,"d":"1.0"},2.3,{"v":150,"d":"150.0"},{"v":389,"d":"389.0"}]
["Fonte: Secretaria de Agricultura e Abastecimento, CDRS/IEA, Projeto LUPA."]
[]
["TABELA 184.2 - Explorações Animais, Município de Flórida Paulista, Estado de São Paulo, 2007/08."]
["ITEM","UNIDADE","N.DE UPAs","MÍNIMO","MÉDIO","MÁXIMO","TOTAL"]
["Apicultura","colmeias",1,{"v":2,"d":"2.0"},{"v":2,"d":"2.0"},{"v":2,"d":"2.0"},{"v":2,"d":"2.0"}]
["Asininos E Muares","cabeças",36,{"v":1,"d":"1.0"},{"v":2.33,"d":"2.3"},{"v":24,"d":"24.0"},{"v":84,"d":"84.0"}]
["Avicultura de Corte","cabeças/ano",16,{"v":1,"d":"1.0"},{"v":50020.94,"d":"50,020.9"},{"v":700000,"d":"700,000.0"},{"v":800335,"d":"800,335.0"}]
["Avicultura Ornamental/Decorativa/Exótica","cabeças",1,{"v":7,"d":"7.0"},{"v":7,"d":"7.0"},{"v":7,"d":"7.0"},{"v":7,"d":"7.0"}]
["Avicultura para Ovos","cabeças",7,{"v":20,"d":"20.0"},{"v":12869.29,"d":"12,869.3"},{"v":50000,"d":"50,000.0"},{"v":90085,"d":"90,085.0"}]
["Bovinocultura de Corte","cabeças",304,{"v":2,"d":"2.0"},{"v":68.35,"d":"68.4"},{"v":2000,"d":"2,000.0"},{"v":20777,"d":"20,777.0"}]
["Bovinocultura Leiteira","cabeças",31,{"v":1,"d":"1.0"},{"v":19.35,"d":"19.4"},{"v":58,"d":"58.0"},{"v":600,"d":"600.0"}]
["Bovinocultura Mista","cabeças",211,{"v":1,"d":"1.0"},{"v":61.68,"d":"61.7"},{"v":846,"d":"846.0"},{"v":13015,"d":"13,015.0"}]
["Caprinocultura","cabeças",1,{"v":20,"d":"20.0"},{"v":20,"d":"20.0"},{"v":20,"d":"20.0"},{"v":20,"d":"20.0"}]
["Equinocultura","cabeças",291,{"v":1,"d":"1.0"},{"v":2.74,"d":"2.7"},{"v":72,"d":"72.0"},{"v":797,"d":"797.0"}]
["Minhocultura","canteiros",1,{"v":1,"d":"1.0"},{"v":1,"d":"1.0"},{"v":1,"d":"1.0"},{"v":1,"d":"1.0"}]
["Ovinocultura","cabeças",17,{"v":1,"d":"1.0"},{"v":57,"d":"57.0"},{"v":400,"d":"400.0"},{"v":969,"d":"969.0"}]
["Piscicultura","m² tanques",3,{"v":15,"d":"15.0"},{"v":4338.33,"d":"4,338.3"},{"v":10000,"d":"10,000.0"},{"v":13015,"d":"13,015.0"}]
["Suinocultura","cabeças",27,{"v":1,"d":"1.0"},{"v":20.11,"d":"20.1"},{"v":100,"d":"100.0"},{"v":543,"d":"543.0"}]
["Fonte: Secretaria de Agricultura e Abastecimento, CDRS/IEA, Projeto LUPA."]
[]
["TABELA 184.3 -  Máquinas, Implementos e Benfeitorias, Município de Flórida Paulista, Estado de São Paulo, 2007/08."]
["ITEM","UNIDADE","N.DE UPAs","MÍNIMO","MÉDIO","MÁXIMO","TOTAL"]
["Arado Comum (Bacia, Aiveca)","Unidade",94,{"v":1,"d":"1.0"},{"v":1.11,"d":"1.1"},{"v":4,"d":"4.0"},{"v":104,"d":"104.0"}]
["Arado Escarificador","Unidade",29,{"v":1,"d":"1.0"},{"v":2.14,"d":"2.1"},{"v":12,"d":"12.0"},{"v":62,"d":"62.0"}]
["Arado Subsolador","Unidade",15,{"v":1,"d":"1.0"},1.8,{"v":12,"d":"12.0"},{"v":27,"d":"27.0"}]
["Batedeira de Cereais","Unidade",26,{"v":1,"d":"1.0"},{"v":1.08,"d":"1.1"},{"v":2,"d":"2.0"},{"v":28,"d":"28.0"}]
["Câmara Fria","Unidade",2,{"v":1,"d":"1.0"},3.5,{"v":6,"d":"6.0"},{"v":7,"d":"7.0"}]
["Carregadeira de Cana","Unidade",4,{"v":1,"d":"1.0"},{"v":3.75,"d":"3.8"},{"v":12,"d":"12.0"},{"v":15,"d":"15.0"}]
["Colhedeira Acoplada","Unidade",3,{"v":1,"d":"1.0"},{"v":1,"d":"1.0"},{"v":1,"d":"1.0"},{"v":3,"d":"3.0"}]
["Computador","Unidade",1,{"v":5,"d":"5.0"},{"v":5,"d":"5.0"},{"v":5,"d":"5.0"},{"v":5,"d":"5.0"}]
["Conj.Irrigação Convencional","Unidade",12,{"v":1,"d":"1.0"},{"v":1.75,"d":"1.8"},{"v":10,"d":"10.0"},{"v":21,"d":"21.0"}]
["Conj.Irrigação Pivot Central","Unidade",2,{"v":1,"d":"1.0"},2.5,{"v":4,"d":"4.0"},{"v":5,"d":"5.0"}]
["Conj.Irrigação/Gotejamento/Microaspersão","Unidade",4,{"v":1,"d":"1.0"},{"v":1,"d":"1.0"},{"v":1,"d":"1.0"},{"v":4,"d":"4.0"}]
["Conjunto de Fenação","Unidade",2,{"v":1,"d":"1.0"},1.5,{"v":2,"d":"2.0"},{"v":3,"d":"3.0"}]
["Desintegrador de Palha (Plantio Direto)","Unidade",6,{"v":1,"d":"1.0"},{"v":1,"d":"1.0"},{"v":1,"d":"1.0"},{"v":6,"d":"6.0"}]
["Desintegrador, Picador, Triturador","Unidade",61,{"v":1,"d":"1.0"},{"v":1.07,"d":"1.1"},{"v":2,"d":"2.0"},{"v":65,"d":"65.0"}]
["Distribuidor de Calcário","Unidade",23,{"v":1,"d":"1.0"},{"v":1.26,"d":"1.3"},{"v":6,"d":"6.0"},{"v":29,"d":"29.0"}]
["Ensiladeira","Unidade",33,{"v":1,"d":"1.0"},{"v":1.06,"d":"1.1"},{"v":2,"d":"2.0"},{"v":35,"d":"35.0"}]
["Grade Aradora (Tipo Romi)","Unidade",22,{"v":1,"d":"1.0"},{"v":1.23,"d":"1.2"},{"v":3,"d":"3.0"},{"v":27,"d":"27.0"}]
["Grade Niveladora","Unidade",88,{"v":1,"d":"1.0"},1.1,{"v":3,"d":"3.0"},{"v":97,"d":"97.0"}]
["Implementos para Tração Animal","Unidade",16,{"v":1,"d":"1.0"},{"v":2.13,"d":"2.1"},{"v":10,"d":"10.0"},{"v":34,"d":"34.0"}]
["Microtrator","Unidade",2,{"v":1,"d":"1.0"},{"v":1,"d":"1.0"},{"v":1,"d":"1.0"},{"v":2,"d":"2.0"}]
["Misturador de Ração","Unidade",12,{"v":1,"d":"1.0"},{"v":1,"d":"1.0"},{"v":1,"d":"1.0"},{"v":12,"d":"12.0"}]
["Ordenhadeira Mecânica","Unidade",9,{"v":1,"d":"1.0"},{"v":1,"d":"1.0"},{"v":1,"d":"1.0"},{"v":9,"d":"9.0"}]
["Pulverizador Tratorizado","Unidade",51,{"v":1,"d":"1.0"},{"v":1.37,"d":"1.4"},{"v":9,"d":"9.0"},{"v":70,"d":"70.0"}]
["Resfriador de Leite, Tanque Expansão","Unidade",6,{"v":1,"d":"1.0"},{"v":1,"d":"1.0"},{"v":1,"d":"1.0"},{"v":6,"d":"6.0"}]
["Semeadeira/Adubadeira para Plantio Convencional","Unidade",38,{"v":1,"d":"1.0"},{"v":1.08,"d":"1.1"},{"v":2,"d":"2.0"},{"v":41,"d":"41.0"}]
["Semeadeira/Plantadeira Plantio Direto","Unidade",11,{"v":1,"d":"1.0"},{"v":1.09,"d":"1.1"},{"v":2,"d":"2.0"},{"v":12,"d":"12.0"}]
["Terraceador","Unidade",10,{"v":1,"d":"1.0"},1.2,{"v":3,"d":"3.0"},{"v":12,"d":"12.0"}]
["Trator de Esteiras","Unidade",2,{"v":1,"d":"1.0"},{"v":1,"d":"1.0"},{"v":1,"d":"1.0"},{"v":2,"d":"2.0"}]
["Trator de Pneus","Unidade",165,{"v":1,"d":"1.0"},{"v":1.72,"d":"1.7"},{"v":50,"d":"50.0"},{"v":284,"d":"284.0"}]
["Açude/Represa","Unidade",206,{"v":1,"d":"1.0"},{"v":1.82,"d":"1.8"},{"v":9,"d":"9.0"},{"v":375,"d":"375.0"}]
["Adega Cantina","Unidade",1,{"v":1,"d":"1.0"},{"v":1,"d":"1.0"},{"v":1,"d":"1.0"},{"v":1,"d":"1.0"}]
["Almoxarifado/Oficina","Unidade",9,{"v":1,"d":"1.0"},{"v":1.11,"d":"1.1"},{"v":2,"d":"2.0"},{"v":10,"d":"10.0"}]
["Armazém para Grãos Ensacados","Sacas",8,{"v":1,"d":"1.0"},{"v":125.75,"d":"125.8"},{"v":800,"d":"800.0"},{"v":1006,"d":"1,006.0"}]
["Balança para Bovinos","Unidade",10,{"v":1,"d":"1.0"},{"v":1,"d":"1.0"},{"v":1,"d":"1.0"},{"v":10,"d":"10.0"}]
["Balança para Veículos","Unidade",2,{"v":1,"d":"1.0"},{"v":1,"d":"1.0"},{"v":1,"d":"1.0"},{"v":2,"d":"2.0"}]
["Barracão para Granja/Avicultura","Unidade",14,{"v":1,"d":"1.0"},{"v":4.29,"d":"4.3"},{"v":21,"d":"21.0"},{"v":60,"d":"60.0"}]
["Barracão/Galpão/Garagem","Unidade",191,{"v":1,"d":"1.0"},{"v":1.23,"d":"1.2"},{"v":9,"d":"9.0"},{"v":235,"d":"235.0"}]
["Casa de Moradia Habitada","Unidade",317,{"v":1,"d":"1.0"},{"v":1.36,"d":"1.4"},{"v":9,"d":"9.0"},{"v":432,"d":"432.0"}]
["Casa de Moradia Total","Unidade",509,{"v":1,"d":"1.0"},{"v":1.73,"d":"1.7"},{"v":23,"d":"23.0"},{"v":882,"d":"882.0"}]
["Curral/Mangueira","Unidade",499,{"v":1,"d":"1.0"},{"v":1.04,"d":"1.0"},{"v":4,"d":"4.0"},{"v":521,"d":"521.0"}]
["Depósito/Tulha","Unidade",418,{"v":1,"d":"1.0"},{"v":1.12,"d":"1.1"},{"v":6,"d":"6.0"},{"v":467,"d":"467.0"}]
["Engenho","Unidade",3,{"v":1,"d":"1.0"},{"v":1,"d":"1.0"},{"v":1,"d":"1.0"},{"v":3,"d":"3.0"}]
["Estábulo","Unidade",1,{"v":1,"d":"1.0"},{"v":1,"d":"1.0"},{"v":1,"d":"1.0"},{"v":1,"d":"1.0"}]
["Estufa/Plasticultura","m²",1,{"v":300,"d":"300.0"},{"v":300,"d":"300.0"},{"v":300,"d":"300.0"},{"v":300,"d":"300.0"}]
["Fábrica de Ração","Unidade",2,{"v":1,"d":"1.0"},{"v":1,"d":"1.0"},{"v":1,"d":"1.0"},{"v":2,"d":"2.0"}]
["Instalações para Equinos","Unidade",2,{"v":1,"d":"1.0"},{"v":1,"d":"1.0"},{"v":1,"d":"1.0"},{"v":2,"d":"2.0"}]
["Máquina de Benefício","Unidade",2,{"v":1,"d":"1.0"},{"v":1,"d":"1.0"},{"v":1,"d":"1.0"},{"v":2,"d":"2.0"}]
["Pocilga","Unidade",28,{"v":1,"d":"1.0"},{"v":1.25,"d":"1.3"},{"v":5,"d":"5.0"},{"v":35,"d":"35.0"}]
["Poço Semi-Artesiano","Unidade",306,{"v":1,"d":"1.0"},{"v":1.02,"d":"1.0"},{"v":3,"d":"3.0"},{"v":312,"d":"312.0"}]
["Posto Meteorológico","Unidade",1,{"v":1,"d":"1.0"},{"v":1,"d":"1.0"},{"v":1,"d":"1.0"},{"v":1,"d":"1.0"}]
["Secador de Grãos","Unidade",1,{"v":1,"d":"1.0"},{"v":1,"d":"1.0"},{"v":1,"d":"1.0"},{"v":1,"d":"1.0"}]
["Silo para Grãos","t",1,{"v":60,"d":"60.0"},{"v":60,"d":"60.0"},{"v":60,"d":"60.0"},{"v":60,"d":"60.0"}]
["Silo para Silagem","t",6,{"v":1,"d":"1.0"},{"v":11755.33,"d":"11,755.3"},{"v":70000,"d":"70,000.0"},{"v":70532,"d":"70,532.0"}]
["Terreiro","m²",180,{"v":1,"d":"1.0"},{"v":334.37,"d":"334.4"},{"v":5000,"d":"5,000.0"},{"v":60187,"d":"60,187.0"}]
["Usina de Açúcar/destilaria","Unidade",1,{"v":1,"d":"1.0"},{"v":1,"d":"1.0"},{"v":1,"d":"1.0"},{"v":1,"d":"1.0"}]
["Fonte: Secretaria de Agricultura e Abastecimento, CDRS/IEA, Projeto LUPA."]
[]
["TABELA 184.4 - Outras Estatísticas Agrícolas, Município de Flórida Paulista, Estado de São Paulo, 2007/08."]
["ITEM","Número de UPAs",null,"Percentual"]
["Faz Parte de Associação de Produtores",493,null,{"v":60.342717258261935,"d":"60.3"}]
["Faz Parte de Cooperativa de Produtores",541,null,{"v":66.21787025703794,"d":"66.2"}]
["Faz Parte do Sindicato de Produtores",364,null,{"v":44.553243574051415,"d":"44.6"}]
["Não utiliza assistência técnica ",174,null,{"v":21.297429620563037,"d":"21.3"}]
["Utiliza somente assistência técnica governamental ",94,null,{"v":11.505507955936352,"d":"11.5"}]
["Utiliza somente assistência técnica privada ",18,null,{"v":2.2031823745410035,"d":"2.2"}]
["Utiliza assistência técnica tanto governamental quanto privada",531,null,{"v":64.99388004895961,"d":"65.0"}]
["Utiliza Crédito Rural",550,null,{"v":67.31946144430844,"d":"67.3"}]
["Utiliza Seguro Rural",41,null,{"v":5.018359853121175,"d":"5.0"}]
["Utiliza Escrituração Agrícola",208,null,{"v":25.458996328029375,"d":"25.5"}]
["Acessa Internet p/ Fins na Agropecuária",5,null,{"v":0.6119951040391677,"d":"0.6"}]
["Utiliza Computador nas Atividades Agropecuárias",9,null,{"v":1.101591187270502,"d":"1.1"}]
["Utiliza Energia Elétrica Para Uso na Atividade Agrícola",561,null,{"v":68.66585067319461,"d":"68.7"}]
["Realiza Análise de Solo, quando necessário",492,null,{"v":60.2203182374541,"d":"60.2"}]
["Utiliza Práticas de Conservação de Solo, quando necessário",431,null,{"v":52.75397796817625,"d":"52.8"}]
["Faz Adubação Mineral, quando necessário",520,null,{"v":63.647490820073436,"d":"63.6"}]
["Faz Adubação Orgânica, quando necessário",473,null,{"v":57.89473684210526,"d":"57.9"}]
["Faz Adubação Verde, quando necessário",20,null,{"v":2.4479804161566707,"d":"2.4"}]
["Utiliza Manejo Integrado de Pragas (MIP)",262,null,{"v":32.06854345165239,"d":"32.1"}]
["Utiliza Hidroponia","-",null,"-"]
["Utiliza Plasticultura",2,null,{"v":0.2447980416156671,"d":"0.2"}]
["Utiliza Mudas Fiscalizadas",328,null,{"v":40.1468788249694,"d":"40.1"}]
["Utiliza Semente Melhorada",110,null,{"v":13.46389228886169,"d":"13.5"}]
["Faz Confinamento de Bovinos",2,null,{"v":0.2447980416156671,"d":"0.2"}]
["Utiliza Pastejo Intensivo",16,null,{"v":1.9583843329253368,"d":"2.0"}]
["Faz Inseminação Artificial",3,null,{"v":0.36719706242350064,"d":"0.4"}]
["Faz Mineralização do Rebanho",533,null,{"v":65.23867809057528,"d":"65.2"}]
["Faz Vermifugação do Rebanho",532,null,{"v":65.11627906976744,"d":"65.1"}]
["Possui Parceiros /Arrendatários na Exploração Animal",50,null,{"v":6.119951040391678,"d":"6.1"}]
["Esporte e lazer",5,null,{"v":0.6119951040391677,"d":"0.6"}]
["Extração mineral","-",null,"-"]
["Hotel Fazenda, Pousada ou SPA","-",null,"-"]
["Pesque-pague",1,null,{"v":0.12239902080783355,"d":"0.1"}]
["Restaurante ou Lanchonete",1,null,{"v":0.12239902080783355,"d":"0.1"}]
["Transformação artesanal","-",null,"-"]
["Turismo rural ou ecoturismo","-",null,"-"]
["Outras atividades econômicas rurais",2,null,{"v":0.2447980416156671,"d":"0.2"}]
["Agroindústria","-",null,"-"]
["Proprietário sem instrução ou com instrução incompleta",31,null,{"v":3.79436964504284,"d":"3.8"}]
["Proprietário com antigo primário completo",285,null,{"v":34.883720930232556,"d":"34.9"}]
["Proprietário com 1° grau (ou antigo ginasial) completo",160,null,{"v":19.583843329253366,"d":"19.6"}]
["Proprietário com 2° grau (ou antigo colegial) completo",154,null,{"v":18.849449204406366,"d":"18.8"}]
["Proprietário com curso superior completo ",155,null,{"v":18.9718482252142,"d":"19.0"}]
["Pessoa Jurídica",32,null,{"v":3.9167686658506735,"d":"3.9"}]
["Proprietário residente na própria UPA ",150,null,{"v":18.35985312117503,"d":"18.4"}]
["Fonte: Secretaria de Agricultura e Abastecimento, CDRS/IEA, Projeto LUPA."]
[]
["TABELA 184.5 - Área Cultivada, Município de Flórida Paulista, Estado de São Paulo, 2007/08."]
["CULTURA","N.DE UPAs","MÍNIMO","MÉDIO","MÁXIMO","TOTAL"]
["Braquiaria",732,0.1,{"v":35.96,"d":"36.0"},{"v":1650.9,"d":"1,650.9"},{"v":26322,"d":"26,322.0"}]
["Cana-de-acucar",399,0.1,{"v":57.68,"d":"57.7"},{"v":1297,"d":"1,297.0"},{"v":23013.6,"d":"23,013.6"}]
["Milho",45,0.5,{"v":10.56,"d":"10.6"},{"v":120,"d":"120.0"},475.4]
["Amendoim",7,12.1,{"v":51.51,"d":"51.5"},{"v":100,"d":"100.0"},360.6]
["Cafe",109,0.1,{"v":2.87,"d":"2.9"},{"v":29,"d":"29.0"},312.7]
["Eucalipto",62,0.1,{"v":2.05,"d":"2.1"},{"v":10,"d":"10.0"},{"v":127,"d":"127.0"}]
["Seringueira",6,0.9,{"v":10.42,"d":"10.4"},{"v":30,"d":"30.0"},62.5]
["Soja",1,{"v":39,"d":"39.0"},{"v":39,"d":"39.0"},{"v":39,"d":"39.0"},{"v":39,"d":"39.0"}]
["Feijao",7,0.6,{"v":4.89,"d":"4.9"},{"v":10,"d":"10.0"},34.2]
["Banana",3,{"v":2,"d":"2.0"},{"v":7.33,"d":"7.3"},{"v":15,"d":"15.0"},{"v":22,"d":"22.0"}]
["Urucum (ou urucu)",1,{"v":14,"d":"14.0"},{"v":14,"d":"14.0"},{"v":14,"d":"14.0"},{"v":14,"d":"14.0"}]
["Maracuja",10,0.5,{"v":0.77,"d":"0.8"},{"v":1,"d":"1.0"},7.7]
["Coco-da-baia",2,1.8,2.2,2.6,4.4]
["Palmito",1,3.6,3.6,3.6,3.6]
["Goiaba",3,0.6,{"v":0.97,"d":"1.0"},1.7,2.9]
["Abobora (ou jerimum)",3,0.6,{"v":0.63,"d":"0.6"},0.7,1.9]
["Lichia",3,0.4,0.6,0.8,1.8]
["Manga",1,0.8,0.8,0.8,0.8]
["Alface",3,0.1,{"v":0.17,"d":"0.2"},0.2,0.5]
["Pimentao",3,0.1,{"v":0.13,"d":"0.1"},0.2,0.4]
["Berinjela",3,0.1,{"v":0.13,"d":"0.1"},0.2,0.4]
["Cebolinha",3,0.1,{"v":0.13,"d":"0.1"},0.2,0.4]
["Couve-flor",3,0.1,0.1,0.1,0.3]
["Beterraba",3,0.1,0.1,0.1,0.3]
["Pimenta",3,0.1,0.1,0.1,0.3]
["Viveiro de cafe",1,0.2,0.2,0.2,0.2]
["Fonte: Secretaria de Agricultura e Abastecimento, CDRS/IEA, Projeto LUPA."]